| 000 | 01070nam a22002297a 4500 | ||
|---|---|---|---|
| 003 | JO-AjAnu | ||
| 005 | 20240623132643.0 | ||
| 008 | 231210b jo ||||| |||| 00| 0 ara d | ||
| 040 |
_aJO-AjAnu _beng _cJO-AjAnu _erda |
||
| 041 | 0 |
_aeng _heng |
|
| 050 |
_aHG3368. _bA6.Q233 2016 |
||
| 100 | 1 |
_aAl Quadah, Mahmoud Marwan _964804 _ePrepared |
|
| 245 | 0 |
_aThe Effect of Financing Porfolio Diversification on Islamic Banks' Profitability - the Case of Jordan = أثر التنويع في محافظ التمويل على ربحية البنوك الاسلامية - حالة الأردن _cPrepared Mahmoud Marwan Al Quadah ; Supervisor Demeh Daradkah |
|
| 260 | _c2016 | ||
| 300 | _a97 paper | ||
| 500 | _aThesis (Master) Yarmouk University (Irbid, Jordan), Faculty of Economics and Administrative Sciences, Department of Banking and Finance, 2016. | ||
| 501 | _aContains appendices | ||
| 504 | _aIt contains references in both Arabic and English | ||
| 650 | 4 | 0 |
_aBanks and banking-Jordan _964805 |
| 700 | 1 |
_aDaradkah,Demeh _964806 _esupervisor |
|
| 942 |
_2lcc _cTHS _n0 |
||
| 999 |
_c33255 _d33255 |
||